000 01556nam a2200217Ia 4500
003 Ost
005 20260507075630.0
008 260507s9999||||xx |||||||||||||| ||und||
040 _cfsecg
041 _aara
082 _a657
100 _aفلامهولز، اريك
_eمؤلف
245 0 _aالمحاسبة عن الموارد البشرية /
_c اريك فلامهولز
260 _aالرياض:
_bدار المريخ,
_c1992
300 _a508 صفحة؛
_c24 سم
520 _aتجد في هذا الكتاب النظام الذي أنشئ في منشأة توش روس وشركاءه يمثل تحول المحاسبة عن الموارد البشرية إلى تطبيق في هذا الوقت وكان يتقيد هذا النظام الخطوة الأولى في إتجاه النظام المتكامل للمحاسبة عن بعد الموارد البشرية ،وقد إتسع مجال المشروع بحيث أصبح واضحا أين يولد كمية كبيرة من المعلومات وفي كل خطوة من خطوات النظام ظهرت فرص جديدة وعلى الرغم من أن النظام الذي تم إنشاؤه على مستو تجريبي وأنت مازال محتاجا إلى تحسينه وتوسيعه إلا أنهيمثل تقدما في مجال المحاسبة عن الموارد البشرية
653 _aالمحاسبة الإدارية
653 _aالموارد الاقتصادية
700 _aزايد، محمد عصام الدين
_eمؤلف ثانوي
942 _cكتاب
999 _c45191
_d45191